Detalles MARC
| 000 -LÍDER |
| Campo fijo de descripción fija |
02954cam a2200361 i 4500 |
| 001 - NÚMERO DE CONTROL |
| Campo de control |
768714001 |
| 003 - IDENTIFICADOR DEL NÚMERO DE CONTROL |
| Campo de control |
CO-MdFUSB |
| 005 - FECHA Y HORA DE LA ULTIMA TRANSACCIÓN |
| control field |
20250416164802.0 |
| 007 - CAMPO FIJO DE DESCRIPCIÓN FIJA--INFORMACIÓN GENERAL |
| Campo fijo de descripción fija |
ta |
| 008 - ELEMENTOS DE LONGITUD FIJA -- INFORMACIÓN GENERAL |
| Campo fijo de descripción fija -- Información general |
080916t2007 -usa 001 | eng d |
| 020 ## - NÚMERO INTERNACIONAL NORMALIZADO PARA LIBROS |
| Número Internacional Normalizado del libro |
9780978465209 |
| 040 ## - FUENTE DE CATALOGACIÓN |
| Agencia de catalogación original |
UAM.FL |
| Idioma de catalogación |
spa |
| Agencia que realiza la transcripción |
CO-MdFUSB |
| Agencia que realiza la modificación |
CO-MdFUSBC |
| Convenciones de la descripción |
rda |
| 041 ## - CÓDIGO DE IDIOMA |
| Código de idioma para texto/pista de sonido o título separado |
eng |
| 082 ## - NÚMERO DE CLASIFICACIÓN DECIMAL DEWEY |
| Número de la edición del Dewey |
23 |
| Número de clasificación |
887 |
| Clave de autor-Numero de item |
G854 |
| 100 1# - ASIENTO PRINCIPAL--NOMBRE PERSONAL |
| Nombre personal |
Griffith, R. Drew |
| Término relacionador |
autor |
| 245 10 - TÍTULO |
| Título del Material |
A funny thing happened on the way to the Agora |
| Parte restante del título - Subtitulo |
ancient Greek and Roman humour |
| Mención de responsabilidad, etc. |
/ R. Drew Griffith, Robert B. Marks |
| 264 #1 - PRODUCCIÓN, PUBLICACIÓN, DISTRIBUCIÓN, MANUFACTURA, Y COPYRIGHT |
| Lugar de producción, publicación, distribución, manufactura |
Estados Unidos : |
| Nombre del productor, publicador, distribuidor |
Legacy Books Press, |
| Fecha de producción, publicación, distribución, manufactura, o copyright |
[2007] |
| 264 #4 - PRODUCCIÓN, PUBLICACIÓN, DISTRIBUCIÓN, MANUFACTURA, Y COPYRIGHT |
| Fecha de producción, publicación, distribución, manufactura, o copyright |
© 2007 |
| 300 ## - DESCRIPCIÓN FÍSICA |
| Extensión |
234 páginas : |
| Otros detalles físicos |
ilustraciones a blanco y negro |
| Dimensiones |
; 23 cm |
| 336 ## - TIPO DE CONTENIDO |
| Fuente |
rdacontent |
| Término de tipo de contenido |
texto |
| Código de tipo de contenido |
txt |
| 337 ## - TIPO DE MEDIO |
| Fuente |
rdamedia |
| Nombre del tipo de medio |
sin mediación |
| Código del tipo de medio |
n |
| 338 ## - TIPO DE SOPORTE |
| Fuente |
rdacarrier |
| Nombre del tipo de soporte |
volumen |
| Código Tipo de soporte |
nc |
| 504 ## - NOTA DE BIBLIOGRAFÍA, ETC. |
| Nota de bibliografía, etc |
Incluye índice y bibliografía |
| 505 ## - NOTA DE CONTENIDO |
| Título |
Parte I: Cosas divertidas<br/> |
| Nota de contenido con formato preestablecido |
¿Qué es el humor? -- La palabra "Humor" -- Humor y Risas -- Humor y agresión -- ¿Por qué es divertido? -- El humor y el intelecto -- Humor e ignorancia -- El humor, el cuerpo y las emociones -- un mundo divertido -- Humor y Sociedad -- Humor contra la autoridad -- Teorías modernas del humor: uniéndolas -- El humor más antiguo -- Humor egipcio antiguo -- Humor mesopotámico -- humor hebreo<br/> |
| 505 ## - NOTA DE CONTENIDO |
| Título |
Parte 2: Personajes reales<br/> |
| Nota de contenido con formato preestablecido |
Personajes reales -- Excéntricos en busca de una historia -- Conseguir algo por nada -- Cómo ser un parásito -- Cuando los aduladores se vuelven malos: el payaso -- Un corral de charlatanes -- el charlatán -- Algunas especies de charlatanes: el farsante, el entrometido y el matón -- Más especies de charlatanes: el adulador, el chismoso y el charlatán -- Un tonto para cada ocasión -- La víctima involuntaria -- el cabeza de huevo -- La víctima voluntaria -- Explosión de la burbuja y otras rarezas -- el ironista -- Sócrates -- El solitario, el glotón, el caníbal y el cocinero -- La Dimensión Sexual -- la puta -- El burlador, la musaraña y el bromista -- El adúltero y el cornudo |
| 505 ## - NOTA DE CONTENIDO |
| Título |
Parte III: La Vía Clásica |
| Nota de contenido con formato preestablecido |
Proporciones épicas -- El humor y la Ilíada -- El humor y la odisea (y la batalla de las ranas y los ratones) -- Los Cércopes y Satyr Plays (especialmente el Cíclope de Eurípides) -- Una cosa divertida sucedió en el camino hacia el ágora -- Comedia antigua y Las nubes de Aristófanes -- Aves, Lysistrata y ranas de Aristófanes -- Representaciones Visuales -- El ingenio romano -- El humor verbal latino y el satiricón de Petronio -- El satiricón como drama -- Compañeros de Encolpius: Trimalchio y Eumolpus<br/>Apocolocyntosis de Séneca -- Una cosa divertida sucedió en el camino hacia el Drakkar -- Esos locos bárbaros -- Juegos de palabras y estupideces -- Persecución -- Conclusión |
| 563 ## - NOTA DE ENCUADERNACIÓN |
| Nota de encuadernación |
Rústico |
| 650 #4 - ASIENTO SECUNDARIO DE MATERIA - TERMINO TEMÁTICO |
| Término temático o nombre geográfico como elemento de entrada |
Humorismo griego |
| 700 1# - ASIENTO SECUNDARIO - NOMBRE PERSONAL |
| Nombre personal |
Marks, Robert B. |
| Responsabilidad |
autor |
| 942 ## - TIPO DE MATERIAL (KOHA) |
| Tipo de Item KOHA |
Libros de Referencia |
| 945 ## - INFORMACIÓN LOCAL DEL REGISTRO |
| Catalogador |
Mag1104 |